[Event "FRA-ch U18 Girls"]
[Site "Vichy"]
[Date "2025.05.04"]
[Round "9"]
[White "Bellahcene, Jenna"]
[Black "Grimault, Leane"]
[Result "1/2-1/2"]
[WhiteElo "1845"]
[BlackElo "1988"]
[PlyCount "110"]
[EventDate "2025.04.27"]
[EventType "swiss"]
[EventRounds "9"]
[EventCountry "FRA"]
[SourceTitle "CB19_2025"]
[SourceDate "2025.05.07"]
[SourceVersion "1"]
[SourceVersionDate "2025.05.07"]
[SourceQuality "1"]

1. e4 d5 2. exd5 Qxd5 3. Nc3 Qa5 4. Bc4 Nf6 5. d3 Bg4 6. f3 Bd7 7. Qe2 e6 8. Bd2 Qb6 9. 0-0-0 Be7 10. g4 h6 11. h4 Na6 12. Nh3 0-0-0 13. g5 Nh5 14. Rhg1 Bc5 15. Rge1 Ng3 16. Qe5 Nf5 17. Nf4 Bd4 18. Qe2 Nxh4 19. g6 Nxg6 20. Nxg6 fxg6 21. Qe4 e5 22. Be3 Bf5 23. Bxd4 exd4 24. Nd5 Bxe4 25. Nxb6+ axb6 26. Rxe4 Rhf8 27. Re7 Rxf3 28. Rxg7 g5 29. Rh7 Re8 30. Rxh6 Rf2 31. Re6 Ref8 32. Rde1 Nb4 33. Bb3 Nc6 34. Rg6 Rf1 35. Kd1 Ne5 36. Rg7 Rxe1+ 37. Kxe1 Nf3+ 38. Ke2 Ng1+ 39. Ke1 Re8+ 40. Kf2 Nh3+ 41. Kg2 Nf4+ 42. Kf3 Re3+ 43. Kg4 Rg3+ 44. Kxg3 Nh5+ 45. Kg4 Nxg7 46. Kxg5 Kd7 47. Kf6 Nh5+ 48. Ke5 c5 49. c3 dxc3 50. bxc3 Ng3 51. Kd5 Ne2 52. Kc4 Kd6 53. d4 b5+ 54. Kxb5 Nxc3+ 55. Kc4 cxd4 1/2-1/2

[Event "FRA-ch U18 Girls"]
[Site "Vichy"]
[Date "2025.05.01"]
[Round "6"]
[White "Grisoni, Emma"]
[Black "Bellahcene, Jenna"]
[Result "1/2-1/2"]
[WhiteElo "1878"]
[BlackElo "1845"]
[PlyCount "100"]
[EventDate "2025.04.27"]
[EventType "swiss"]
[EventRounds "9"]
[EventCountry "FRA"]
[SourceTitle "CB19_2025"]
[SourceDate "2025.05.07"]
[SourceVersion "1"]
[SourceVersionDate "2025.05.07"]
[SourceQuality "1"]

1. b3 e5 2. Bb2 Nc6 3. e3 a6 4. Ne2 d5 5. d4 e4 6. Nd2 Nce7 7. c4 c6 8. Nc3 Nf6 9. Be2 Ng6 10. f3 exf3 11. Bxf3 Ng4 12. Bxg4 Qh4+ 13. g3 Qxg4 14. Qxg4 Bxg4 15. cxd5 cxd5 16. Nxd5 Rc8 17. Rc1 Rxc1+ 18. Bxc1 Bd6 19. 0-0 h5 20. Ne4 Bb8 21. Ba3 Be6 22. Nf4 Nxf4 23. gxf4 b6 24. Rc1 Kd7 25. Kf2 Re8 26. Ng3 Bg4 27. h3 Bxh3 28. Nxh5 Bg4 29. Ng3 Rh8 30. Rh1 Rc8 31. Rc1 Rh8 32. Kg2 Re8 33. Rc3 f5 34. Bc1 Kd6 35. b4 Rg8 36. a4 Kd5 37. a5 g5 38. fxg5 bxa5 39. Rc5+ Ke6 40. Rxa5 Rxg5 41. e4 Bh3+ 42. Kxh3 Rxg3+ 43. Kh4 fxe4 44. Rxa6+ Kd5 45. Ra8 Bd6 46. Rd8 Rb3 47. Bf4 Kxd4 48. Rxd6+ Kc4 49. Re6 Kxb4 50. Rxe4+ Kb5 1/2-1/2

[Event "FRA-ch U18 Girls"]
[Site "Vichy"]
[Date "2025.04.28"]
[Round "2"]
[White "Bert, Lisa"]
[Black "Bellahcene, Jenna"]
[Result "0-1"]
[WhiteElo "1733"]
[BlackElo "1879"]
[PlyCount "118"]
[EventDate "2025.04.27"]
[EventType "swiss"]
[EventRounds "9"]
[EventCountry "FRA"]
[SourceTitle "CB19_2025"]
[SourceDate "2025.05.07"]
[SourceVersion "1"]
[SourceVersionDate "2025.05.07"]
[SourceQuality "1"]

1. e4 e5 2. Nf3 Nc6 3. Bc4 Nf6 4. d3 Be7 5. c3 d6 6. 0-0 0-0 7. Nbd2 h6 8. Re1 Nh7 9. Nf1 Ng5 10. Nxg5 Bxg5 11. Bxg5 Qxg5 12. Re3 Bg4 13. Qc2 Na5 14. Bb3 Nxb3 15. Qxb3 Rab8 16. h3 Be6 17. Qc2 f5 18. Rg3 Qf6 19. exf5 Bxf5 20. Qd2 Kh8 21. Ne3 Be6 22. a3 Qf4 23. Qe2 Rf6 24. Rf3 Qh4 25. Rxf6 gxf6 26. Qf3 Rg8 27. Nf5 Qg5 28. Ng3 f5 29. Kh2 c6 30. Rg1 d5 31. d4 e4 32. Qh5 f4 33. Qxg5 hxg5 34. Nh5 Rg6 35. g4 Kh7 36. h4 Kh6 37. Kh3 Bf7 38. f3 e3 39. Re1 Re6 40. hxg5+ Kxg5 41. Ng7 Rh6+ 42. Kg2 Rh7 43. Nf5 Bg6 44. Nd6 Rd7 45. Nc8 b6 46. Rh1 c5 47. Rd1 Kf6 48. Nxa7 Rxa7 49. dxc5 bxc5 50. Rxd5 Rb7 51. b4 cxb4 52. cxb4 Ra7 53. Rd4 Kg5 54. Rd5+ Kh4 55. Rd6 Rxa3 56. Rxg6 Ra2+ 57. Kf1 Kg3 58. Rc6 Kxf3 59. Rc1 Kxg4 0-1

[Event "FRA-ch U16 Girls"]
[Site "Agen"]
[Date "2024.04.19"]
[Round "7"]
[White "Bellahcene, Jenna"]
[Black "Sarishvili, Mariam"]
[Result "1-0"]
[WhiteElo "1766"]
[BlackElo "1719"]
[PlyCount "57"]
[EventDate "2024.04.14"]
[EventType "swiss"]
[EventRounds "9"]
[EventCountry "FRA"]
[SourceTitle "EXT 2025"]
[Source "ChessBase"]
[SourceDate "2024.10.14"]
[SourceVersion "1"]
[SourceVersionDate "2024.10.14"]
[SourceQuality "1"]

1. e4 e6 2. d4 d5 3. e5 c5 4. c3 Nc6 5. g3 Qb6 6. Ne2 cxd4 7. cxd4 Bb4+ 8. Nbc3 Bd7 9. Bh3 Be7 10. 0-0 h5 11. Rb1 g5 12. Be3 0-0-0 13. Qd2 g4 14. Bg2 f5 15. Rfc1 Rf8 16. a3 Kb8 17. b4 h4 18. b5 Na5 19. Na4 Qd8 20. Nc5 Nc4 21. Rxc4 dxc4 22. Nxb7 Qc7 23. Na5 Kc8 24. Nc6 hxg3 25. hxg3 Rf7 26. d5 Bxc6 27. bxc6 Qxe5 28. Bf4 Qf6 29. Rb8# 1-0

[Event "FRA-ch U12/16 Girls"]
[Site "Agen"]
[Date "2023.04.24"]
[Round "3"]
[White "Bellahcene, Jenna"]
[Black "Abdelaziz, Tinhinane"]
[Result "1-0"]
[WhiteElo "1596"]
[BlackElo "1814"]
[PlyCount "107"]
[EventDate "2023.04.23"]
[EventType "swiss"]
[EventRounds "9"]
[EventCountry "FRA"]
[SourceTitle "CBM 214 Extra"]
[Source "ChessBase"]
[SourceDate "2023.07.31"]
[SourceVersion "1"]
[SourceVersionDate "2023.07.31"]
[SourceQuality "1"]

1. e4 c5 2. c3 Nf6 3. e5 Nd5 4. d4 cxd4 5. Nf3 Nc6 6. Bc4 Nb6 7. Bb3 d5 8. exd6 Qxd6 9. 0-0 Be6 10. Na3 a6 11. Qe2 Bxb3 12. axb3 g6 13. Rd1 Bg7 14. Nc2 0-0 15. Ncxd4 Nxd4 16. Nxd4 Qf6 17. Nf3 h6 18. Be3 Rfe8 19. Ra5 e5 20. Nd2 Qc6 21. Rc5 Qe6 22. Nc4 Rad8 23. Nxb6 Rxd1+ 24. Qxd1 Qxb6 25. Rxe5 Qd8 26. Rd5 Qe7 27. Rd7 Qe4 28. Qd3 Qxd3 29. Rxd3 b5 30. b4 Re6 31. g3 f5 32. h4 Kf7 33. Kg2 Bf8 34. Kf3 Re4 35. Rd7+ Ke8 36. Ra7 Re6 37. Ra8+ Kf7 38. Rd8 Be7 39. Rd5 Bf8 40. Bc5 Bxc5 41. bxc5 Re4 42. Rd7+ Ke8 43. Rd6 a5 44. Rxg6 b4 45. cxb4 Rxb4 46. Rb6 Rc4 47. Rxh6 Rxc5 48. Rb6 Kd7 49. Kf4 Kc7 50. Rf6 Rc2 51. Rxf5 a4 52. Ra5 Rxf2+ 53. Kg5 Rg2 54. g4 1-0

[Event "Cappelle Online Blitz op 1st"]
[Site "Europe Echecs INT"]
[Date "2021.01.10"]
[Round "9"]
[White "Blachon, Pascal"]
[Black "Bellahcene, Jenna"]
[Result "1-0"]
[WhiteElo "1969"]
[BlackElo "1530"]
[PlyCount "99"]
[EventDate "2021.01.10"]
[EventType "swiss (blitz)"]
[EventRounds "11"]
[EventCountry "FRA"]
[SourceTitle "CBM 200 Extra"]
[Source "ChessBase"]
[SourceDate "2021.03.31"]
[SourceVersion "1"]
[SourceVersionDate "2021.03.31"]
[SourceQuality "1"]

1. e4 e5 2. Nf3 Nc6 3. Bc4 Nf6 4. Ng5 d5 5. exd5 Na5 6. Bb5+ c6 7. dxc6 bxc6 8. Bd3 h6 9. Ne4 Nxe4 10. Bxe4 Qc7 11. d3 Bd6 12. h3 0-0 13. 0-0 f5 14. Bf3 Nb7 15. Na3 Nc5 16. Nc4 Be7 17. Re1 Bf6 18. Bd2 Be6 19. Bb4 Be7 20. Nxe5 Bd5 21. Ng6 Bd6 22. Nxf8 Rxf8 23. Bxd5+ cxd5 24. Bxc5 Bxc5 25. d4 Bd6 26. c3 Qf7 27. Qe2 Kh8 28. Qe6 Qxe6 29. Rxe6 Bb8 30. Rae1 Bc7 31. Re8 Rxe8 32. Rxe8+ Kh7 33. Re7 Bb6 34. Rd7 f4 35. Rxd5 g5 36. f3 Kg7 37. Kf1 Kf7 38. Ke2 Ke6 39. Rb5 Kf6 40. Rxb6+ axb6 41. a4 Ke6 42. b4 Kd6 43. Kd3 Kd5 44. c4+ Kd6 45. Ke4 Ke6 46. a5 bxa5 47. bxa5 Kd6 48. Kf5 Kc6 49. Kg6 Kd6 50. Kxh6 1-0

[Event "Cappelle Online Blitz op 1st"]
[Site "Europe Echecs INT"]
[Date "2021.01.10"]
[Round "1"]
[White "Maisuradze, Nino"]
[Black "Bellahcene, Jenna"]
[Result "1-0"]
[WhiteElo "2251"]
[BlackElo "1530"]
[PlyCount "61"]
[EventDate "2021.01.10"]
[EventType "swiss (blitz)"]
[EventRounds "11"]
[EventCountry "FRA"]
[SourceTitle "CBM 200 Extra"]
[Source "ChessBase"]
[SourceDate "2021.03.31"]
[SourceVersion "1"]
[SourceVersionDate "2021.03.31"]
[SourceQuality "1"]

1. d4 d5 2. c4 e6 3. Nc3 Nf6 4. cxd5 exd5 5. Bg5 Be7 6. e3 c6 7. Bd3 0-0 8. Qc2 Nbd7 9. Nf3 h6 10. Bh4 b6 11. 0-0 Bb7 12. a3 c5 13. dxc5 Nxc5 14. Rfd1 Qc7 15. Bg3 Qd7 16. Ne5 Qd8 17. Bf5 Re8 18. Nb5 Bd6 19. Nxd6 Qxd6 20. Nxf7 Qe7 21. Nd6 Red8 22. Nxb7 Qxb7 23. Bh4 Rf8 24. Rac1 Nfe4 25. Bxe4 Nxe4 26. Qc7 Qxc7 27. Rxc7 Rfc8 28. Rdc1 g5 29. Rxc8+ Rxc8 30. Rxc8+ Kg7 31. Bg3 1-0

[Event "Trophee Roza Lallemand Online"]
[Site "Tornelo INT"]
[Date "2020.12.13"]
[Round "4"]
[White "Bellahcene, Jenna"]
[Black "Fancelli, Sophie"]
[Result "0-1"]
[WhiteElo "1530"]
[BlackElo "1830"]
[PlyCount "98"]
[EventDate "2020.12.13"]
[EventType "swiss (rapid)"]
[EventRounds "9"]
[EventCountry "USA"]
[SourceTitle "EXT 2022"]
[Source "ChessBase"]
[SourceDate "2021.10.06"]
[SourceVersion "1"]
[SourceVersionDate "2021.10.06"]
[SourceQuality "1"]

1. e4 e6 2. d4 d5 3. exd5 exd5 4. Bd3 Bd6 5. Ne2 Ne7 6. c3 Nbc6 7. 0-0 Bg4 8. f3 Bh5 9. Bf4 Qd7 10. Re1 0-0-0 11. a4 h6 12. b4 g5 13. Bg3 f5 14. b5 Na5 15. Nd2 f4 16. Bf2 g4 17. fxg4 Bxg4 18. Nb3 f3 19. Nxa5 fxe2 20. Bxe2 Rhg8 21. Bxg4 Qxg4 22. Qxg4+ Rxg4 23. Nb3 Rdg8 24. g3 Nf5 25. Nd2 h5 26. Kh1 h4 27. Red1 hxg3 28. hxg3 Nxg3+ 29. Kg2 Ne4+ 30. Kf1 Nxf2 31. Kxf2 Rf8+ 32. Ke2 Rg3 33. Rf1 Re8+ 34. Kd1 Rxc3 35. Rf3 Rxf3 36. Nxf3 Re3 37. Ng5 Rd3+ 38. Ke2 Rxd4 39. Ne6 Re4+ 40. Kd3 Rxe6 41. Kd4 c6 42. Rc1 Kd7 43. bxc6+ bxc6 44. Rb1 Kc7 45. Rh1 Re4+ 46. Kd3 Rxa4 47. Rh7+ Kb6 48. Rd7 Be5 49. Re7 Ba1 0-1

[Event "FRA-chT U16"]
[Site "Sautron"]
[Date "2018.05.20"]
[Round "3.7"]
[White "Hilton, Marc"]
[Black "Bellahcene, Jenna"]
[Result "1/2-1/2"]
[WhiteElo "1274"]
[BlackElo "1313"]
[PlyCount "61"]
[EventDate "2018.05.19"]
[EventType "team-match"]
[EventRounds "5"]
[EventCountry "FRA"]
[SourceTitle "EXT 2019"]
[Source "ChessBase"]
[SourceDate "2018.10.10"]
[SourceVersion "1"]
[SourceVersionDate "2018.10.10"]
[SourceQuality "1"]

1. d4 d5 2. c4 e6 3. cxd5 exd5 4. Bf4 Nf6 5. e3 c6 6. Be2 Nbd7 7. Nd2 Be7 8. Ngf3 0-0 9. 0-0 b6 10. Qc2 Bb7 11. Ne5 Rc8 12. Rac1 c5 13. dxc5 Nxc5 14. Qf5 Re8 15. Ndf3 Nce4 16. Bg5 h6 17. Bxf6 Bxf6 18. Ng4 Bxb2 19. Rcd1 Bf6 20. Bd3 Qe7 21. Bxe4 dxe4 22. Rd7 Qe6 23. Nxf6+ Qxf6 24. Qxf6 gxf6 25. Rxb7 exf3 26. gxf3 Ra8 27. Rc1 Reb8 28. Re7 Re8 29. Rb7 Reb8 30. Rbc7 Kg7 31. R1c4 1/2-1/2

[Event "EU-ch U08 Girls 26th"]
[Site "Prague"]
[Date "2016.08.21"]
[Round "4"]
[White "Maria, Lia Alexandra"]
[Black "Bellahcene, Jenna"]
[Result "1-0"]
[WhiteElo "1356"]
[BlackElo "1177"]
[PlyCount "95"]
[EventDate "2016.08.18"]
[EventType "swiss"]
[EventRounds "9"]
[EventCountry "CZE"]
[SourceTitle "CBM 174 Extra"]
[Source "ChessBase"]
[SourceDate "2016.10.10"]
[SourceVersion "1"]
[SourceVersionDate "2016.10.10"]
[SourceQuality "1"]

1. c4 e5 2. e3 Nc6 3. a3 Nf6 4. Nc3 Bc5 5. b4 Bb6 6. c5 Bxc5 7. bxc5 b6 8. cxb6 axb6 9. Bb2 d5 10. Bb5 Bb7 11. Nf3 Qe7 12. 0-0 0-0 13. Qc2 Nd8 14. Na2 e4 15. Nd4 c5 16. Nf5 Qe6 17. Ng3 Ra5 18. Be2 Nc6 19. f3 Re8 20. Bxf6 Qxf6 21. fxe4 Qe6 22. exd5 Qxd5 23. Bc4 Qe5 24. Bxf7+ Kh8 25. Bxe8 Qxe8 26. Qf5 Ra8 27. Ne4 Ne7 28. Qe5 h6 29. Nd6 Qc6 30. Rf2 Ng6 31. Qg3 Nf8 32. Nf5 Qd7 33. Raf1 Bd5 34. Nc3 Be6 35. Nxh6 gxh6 36. Rxf8+ Rxf8 37. Rxf8+ Kh7 38. Ne4 Qe7 39. Re8 Qf7 40. Rb8 Bd5 41. Qh4 Qg6 42. Qe7+ Qf7 43. Qh4 Qg6 44. Nf6+ Kg7 45. Nxd5 Qb1+ 46. Kf2 Qf5+ 47. Nf4 Kh7 48. Qe7+ 1-0